LEADER 00798naa a2200157 i 4500 001 000000294551 003 CaOOAMICUS 005 20180831172509.0 008 180831n xx u000 u und u 013 $a1829 040 $aSeMil$bita 100 1 $aMolano, Eduardo.$0(OLS)http://semarc/name/85111 245 13$aLa constitución jerárquica de la Iglesia y la sistemática del Código de Derecho Canónico. 650 4$aConcilio Vaticano II <1962-1965> - Costituzioni dogmatiche . Lumen Gentium.$0(OLS)http://semarc/subject/3016 773 0 $tIus in vita et in missione Ecclesiae.$dCittà del Vaticano : Libreria Editrice Vaticana, 1994.$z88-209-1963-X$gp.219-230$w()44083 996 $6245$aLa constitución jerárquica de la Iglesia y la sistemática del Código de Derecho Canónico$9(OLS)http://semarc/title/370636 LEADER 01126nam a2200253 i 4500 001 000000006622 003 CaOOAMICUS 005 20180830125438.0 008 180830s1890 it u000 u ita u 040 $aSeMil$bita 110 2 $aArcidiocesi di Milano.$0(OLS)http://semarc/name/400 245 10$aActa Ecclesiae Mediolanensis ab eius initiis usque ad nostram aetatem /$ca cura della Pius di Milano. 260 $aMediolani :$bEx Typographia Pontificia S. Josephi,$c1890. 650 4$aMilano (Arcidiocesi) - Storia - Documenti.$0(OLS)http://semarc/subject/1017 700 0 $aPius XI,$c.$0(OLS)http://semarc/name/3465 774 0 $tVolumen Secundum.$g2$w()103082 774 0 $tVolumen Tertium.$g3$w()103083 774 0 $tVolumen Quartum.$g4$w()103084 900 1 $aRatti, Achille,$d<1857-1939>. 900 0 $aPio XI$c. 996 $6245$aActa Ecclesiae Mediolanensis ab eius initiis usque ad nostram aetatem$9(OLS)http://semarc/title/17376 996 $6260$aMediolani :$bEx Typographia Pontificia S. Josephi$9(OLS)http://semarc/publisher/30091 LEADER 01222nam a2200289 i 4500 001 000000033873 003 CaOOAMICUS 005 20251006092948.0 008 030131s1988 it u000 u ita u 020 $a88-213-0165-6 040 $aSeMil$bita 100 1 $aFarina, Marcella,$c.$0(OLS)http://semarc/name/4293 245 13$aChiesa di poveri e Chiesa dei poveri :$bla memoria della Chiesa /$cMarcella Farina. 260 $aRoma :$bLAS,$c1988. 300 $a470 p. ;$c21 cm 490 0 $aIl prisma ;$v7 650 4$aEcclesiologia.$0(OLS)http://semarc/subject/42996 650 4$aChiesa e poveri.$0(OLS)http://semarc/subject/1343 650 4$aPovertà - Concezione cristiana.$0(OLS)http://semarc/subject/5389 830 3$aIl prisma ;$v7.$0(OLS)http://semarc/title/11257 850 $aSeMil 852 $aSeMil$W1$xVenegono$y1$m3A IV 207/A$j28$B28$CSeMilBibl$Z2$F28 $81 961 $aOmaggio: Martini Card. Carlo Maria 996 $6020$a88-213-0165-6$9(OLS)http://semarc/number/1502 996 $6245$aChiesa di poveri e Chiesa dei poveri :$bla memoria della Chiesa$9(OLS)http://semarc/title/45470 996 $6260$aRoma :$bLAS$9(OLS)http://semarc/publisher/29900 LEADER 02032nam a2200397 i 4500 001 000000118311 003 CaOOAMICUS 005 20040908000000.0 008 040908s2004 it u000 u ita u 013 $a91004 020 $a88-8155-292-2 040 $aSeMil$bita 100 1 $aTemmerman, Els : de.$0(OLS)http://semarc/name/49395 240 14$aDes Meisjes van Aboke : Kindsoldten in Noord Oeganda.$0(OLS)http://semarc/title/173794 245 13$aLe ragazze di Aboke :$badolescenti rapite & bambini soldato nella tragedia dell'Uganda /$cEls De Temmerman ; Prefazione di Adele Brambilla ; Interventi di Massimo Ghini ; Elio Croce ; Giovanni Battista Odama ; Con il saggio : Africa : educare alla fraternità di Piero Gheddo. 250 $aEd. italiana aggiornata e ampliata. 260 $aMilano :$bEdizioni Ares,$c2004. 300 $a222 p., [16] p. di tav. ;$c21 cm. 490 0 $aSmeraldi ;$v4 500 $aDono del Card. Dionigi Tettamanzi. 650 4$aChiesa - Uganda.$0(OLS)http://semarc/subject/12169 650 4$aMinori - Disagio.$0(OLS)http://semarc/subject/17171 650 4$aUganda - Aboke.$0(OLS)http://semarc/subject/22059 700 1 $aBrambilla, Adele.$0(OLS)http://semarc/name/49396 700 1 $aGheddo, Piero .$0(OLS)http://semarc/name/89501 700 1 $aOdama, Giovanni Battista.$0(OLS)http://semarc/name/49399 700 1 $aGhini, Massimo.$0(OLS)http://semarc/name/49397 700 1 $aCroce, Elio,$c.$0(OLS)http://semarc/name/49398 830 0$aSmeraldi ;$v4.$0(OLS)http://semarc/title/16042 850 $aSeMil 852 $aSeMil$W1$xVenegono$y1$m3E I 70$j73627$B73627$CSeMilBibl$Z2$F86485 $81 941 1 $a5 961 $aOmaggio: Tettamanzi Card. Dionigi 996 $6020$a88-8155-292-2$9(OLS)http://semarc/number/102922 996 $6245$aLe ragazze di Aboke :$badolescenti rapite & bambini soldato nella tragedia dell'Uganda$9(OLS)http://semarc/title/173793 996 $6260$aMilano :$bEdizioni Ares$9(OLS)http://semarc/publisher/32837